<?xml version="1.0" encoding="UTF-8"?>
<record
    xmlns:xsi="http://www.w3.org/2001/XMLSchema-instance"
    xsi:schemaLocation="http://www.loc.gov/MARC21/slim http://www.loc.gov/standards/marcxml/schema/MARC21slim.xsd"
    xmlns="http://www.loc.gov/MARC21/slim">

  <leader>00347nam a22001577a 4500</leader>
  <controlfield tag="003">OSt</controlfield>
  <controlfield tag="005">20240111113121.0</controlfield>
  <controlfield tag="008">170725b        xxu||||| |||| 00| 0 eng d</controlfield>
  <datafield tag="020" ind1=" " ind2=" ">
    <subfield code="a">08122414842</subfield>
  </datafield>
  <datafield tag="040" ind1=" " ind2=" ">
    <subfield code="c">SEROSOFT</subfield>
  </datafield>
  <datafield tag="100" ind1=" " ind2=" ">
    <subfield code="a">KALSI, P.S.</subfield>
  </datafield>
  <datafield tag="245" ind1=" " ind2=" ">
    <subfield code="a">STEREOCHEMISTRY</subfield>
  </datafield>
  <datafield tag="260" ind1=" " ind2=" ">
    <subfield code="a">DELHI</subfield>
    <subfield code="b">NEW AGE</subfield>
    <subfield code="c">2003</subfield>
  </datafield>
  <datafield tag="300" ind1=" " ind2=" ">
    <subfield code="a">589</subfield>
  </datafield>
  <datafield tag="942" ind1=" " ind2=" ">
    <subfield code="2">ddc</subfield>
    <subfield code="c">03</subfield>
  </datafield>
  <datafield tag="999" ind1=" " ind2=" ">
    <subfield code="c">35960</subfield>
    <subfield code="d">35960</subfield>
  </datafield>
  <datafield tag="952" ind1=" " ind2=" ">
    <subfield code="0">0</subfield>
    <subfield code="1">0</subfield>
    <subfield code="2">ddc</subfield>
    <subfield code="4">0</subfield>
    <subfield code="7">0</subfield>
    <subfield code="a">01</subfield>
    <subfield code="b">01</subfield>
    <subfield code="d">2017-07-25</subfield>
    <subfield code="e">127 ENGG. COLLEGE</subfield>
    <subfield code="f">APPLIED SC</subfield>
    <subfield code="o">547.1223 KAL</subfield>
    <subfield code="p">01-B-121775</subfield>
    <subfield code="r">2017-07-25</subfield>
    <subfield code="u">Chemistry</subfield>
    <subfield code="w">2017-07-25</subfield>
    <subfield code="y">02</subfield>
  </datafield>
  <datafield tag="952" ind1=" " ind2=" ">
    <subfield code="0">0</subfield>
    <subfield code="1">0</subfield>
    <subfield code="2">ddc</subfield>
    <subfield code="4">0</subfield>
    <subfield code="7">0</subfield>
    <subfield code="a">01</subfield>
    <subfield code="b">01</subfield>
    <subfield code="d">2017-07-25</subfield>
    <subfield code="e">127 ENGG. COLLEGE</subfield>
    <subfield code="f">APPLIED SC</subfield>
    <subfield code="o">547.1223 KAL</subfield>
    <subfield code="p">01-B-121776</subfield>
    <subfield code="r">2017-07-25</subfield>
    <subfield code="u">Chemistry</subfield>
    <subfield code="w">2017-07-25</subfield>
    <subfield code="y">02</subfield>
  </datafield>
  <datafield tag="952" ind1=" " ind2=" ">
    <subfield code="0">0</subfield>
    <subfield code="1">0</subfield>
    <subfield code="2">ddc</subfield>
    <subfield code="4">0</subfield>
    <subfield code="7">0</subfield>
    <subfield code="a">01</subfield>
    <subfield code="b">01</subfield>
    <subfield code="d">2017-07-25</subfield>
    <subfield code="e">127 ENGG. COLLEGE</subfield>
    <subfield code="f">APPLIED SC</subfield>
    <subfield code="o">547.1223 KAL</subfield>
    <subfield code="p">01-B-121777</subfield>
    <subfield code="r">2017-07-25</subfield>
    <subfield code="u">Chemistry</subfield>
    <subfield code="w">2017-07-25</subfield>
    <subfield code="y">20</subfield>
    <subfield code="z">Central Library to Departmental Basic Science Library</subfield>
  </datafield>
  <datafield tag="952" ind1=" " ind2=" ">
    <subfield code="0">0</subfield>
    <subfield code="1">0</subfield>
    <subfield code="2">ddc</subfield>
    <subfield code="4">0</subfield>
    <subfield code="7">0</subfield>
    <subfield code="a">01</subfield>
    <subfield code="b">01</subfield>
    <subfield code="d">2017-07-25</subfield>
    <subfield code="e">127 ENGG. COLLEGE</subfield>
    <subfield code="f">APPLIED SC</subfield>
    <subfield code="o">547.1223 KAL</subfield>
    <subfield code="p">01-B-121778</subfield>
    <subfield code="r">2017-07-25</subfield>
    <subfield code="u">Chemistry</subfield>
    <subfield code="w">2017-07-25</subfield>
    <subfield code="y">02</subfield>
  </datafield>
  <datafield tag="952" ind1=" " ind2=" ">
    <subfield code="0">0</subfield>
    <subfield code="1">0</subfield>
    <subfield code="2">ddc</subfield>
    <subfield code="4">0</subfield>
    <subfield code="7">0</subfield>
    <subfield code="a">01</subfield>
    <subfield code="b">01</subfield>
    <subfield code="d">2017-07-25</subfield>
    <subfield code="e">127 ENGG. COLLEGE</subfield>
    <subfield code="f">APPLIED SC</subfield>
    <subfield code="o">547.1223 KAL</subfield>
    <subfield code="p">01-B-121779</subfield>
    <subfield code="r">2017-07-25</subfield>
    <subfield code="u">Chemistry</subfield>
    <subfield code="w">2017-07-25</subfield>
    <subfield code="y">02</subfield>
  </datafield>
  <datafield tag="952" ind1=" " ind2=" ">
    <subfield code="0">0</subfield>
    <subfield code="1">0</subfield>
    <subfield code="2">ddc</subfield>
    <subfield code="4">0</subfield>
    <subfield code="7">0</subfield>
    <subfield code="a">01</subfield>
    <subfield code="b">01</subfield>
    <subfield code="d">2017-07-25</subfield>
    <subfield code="e">127 ENGG. COLLEGE</subfield>
    <subfield code="f">APPLIED SC</subfield>
    <subfield code="l">1</subfield>
    <subfield code="o">547.1223 KAL</subfield>
    <subfield code="p">01-B-121780</subfield>
    <subfield code="r">2019-06-08</subfield>
    <subfield code="s">2019-03-27</subfield>
    <subfield code="u">Chemistry</subfield>
    <subfield code="w">2017-07-25</subfield>
    <subfield code="y">02</subfield>
  </datafield>
  <datafield tag="952" ind1=" " ind2=" ">
    <subfield code="0">0</subfield>
    <subfield code="1">0</subfield>
    <subfield code="2">ddc</subfield>
    <subfield code="4">0</subfield>
    <subfield code="7">0</subfield>
    <subfield code="a">01</subfield>
    <subfield code="b">01</subfield>
    <subfield code="d">2017-07-25</subfield>
    <subfield code="e">127 ENGG. COLLEGE</subfield>
    <subfield code="f">APPLIED SC</subfield>
    <subfield code="l">1</subfield>
    <subfield code="o">547.1223 KAL</subfield>
    <subfield code="p">01-B-121781</subfield>
    <subfield code="r">2021-03-12</subfield>
    <subfield code="s">2021-01-02</subfield>
    <subfield code="u">Chemistry</subfield>
    <subfield code="w">2017-07-25</subfield>
    <subfield code="y">02</subfield>
  </datafield>
  <datafield tag="952" ind1=" " ind2=" ">
    <subfield code="0">0</subfield>
    <subfield code="1">0</subfield>
    <subfield code="2">ddc</subfield>
    <subfield code="4">0</subfield>
    <subfield code="7">0</subfield>
    <subfield code="a">01</subfield>
    <subfield code="b">01</subfield>
    <subfield code="d">2017-07-25</subfield>
    <subfield code="e">127 ENGG. COLLEGE</subfield>
    <subfield code="f">APPLIED SC</subfield>
    <subfield code="o">547.1223 KAL</subfield>
    <subfield code="p">01-B-121782</subfield>
    <subfield code="r">2017-07-25</subfield>
    <subfield code="u">Chemistry</subfield>
    <subfield code="w">2017-07-25</subfield>
    <subfield code="y">02</subfield>
  </datafield>
  <datafield tag="952" ind1=" " ind2=" ">
    <subfield code="0">0</subfield>
    <subfield code="1">0</subfield>
    <subfield code="2">ddc</subfield>
    <subfield code="4">0</subfield>
    <subfield code="7">0</subfield>
    <subfield code="a">01</subfield>
    <subfield code="b">01</subfield>
    <subfield code="d">2017-07-25</subfield>
    <subfield code="e">127 ENGG. COLLEGE</subfield>
    <subfield code="f">APPLIED SC</subfield>
    <subfield code="l">2</subfield>
    <subfield code="o">547.1223 KAL</subfield>
    <subfield code="p">01-B-121783</subfield>
    <subfield code="r">2020-12-29</subfield>
    <subfield code="s">2020-12-19</subfield>
    <subfield code="u">Chemistry</subfield>
    <subfield code="w">2017-07-25</subfield>
    <subfield code="y">02</subfield>
  </datafield>
</record>
